书目信息 |
| 题名: |
英汉-汉英对照项目管理词语精选
|
|
| 作者: | 卢有杰 , 吴之明 编 | |
| 分册: | ||
| 出版信息: | 北京 清华大学出版社 2001.04 |
|
| 页数: | 333页 | |
| 开本: | 19cm | |
| 丛书名: | ||
| 单 册: | ||
| 中图分类: | F224.5-61 | |
| 科图分类: | ||
| 主题词: | 经济--计算 , 经济数学--方法 | |
| 电子资源: | ||
| ISBN: | 7-302-04284-5 | |
| 000 | 00694nam0 2200217 45 | |
| 001 | 0256876718 | |
| 005 | 2002061015475639 | |
| 010 | @a7-302-04284-5@b压膜@dRMB 25.00 | |
| 100 | @a20020610d2001 km y0chiy0120 ea | |
| 101 | 0 | @achi |
| 102 | @aCN@b110000 | |
| 200 | 1 | @a英汉-汉英对照项目管理词语精选@AYing Han-Han Ying Dui Zhao Xiang Mu Guan Li Ci Yu Jing Xuan@f卢有杰,吴之明编@Flu you jie,wu zhi ming bian |
| 210 | @a北京@c清华大学出版社@d2001.04 | |
| 215 | @a333页@d19cm | |
| 606 | 0 | @a经济@x计算 |
| 606 | 0 | @a经济数学@x方法 |
| 690 | @aF224.5-61@v3 | |
| 701 | 0 | @a卢有杰@Alu you jie@4编 |
| 701 | 0 | @a吴之明@Awu zhi ming@4编 |
| 801 | 0 | @aCN@bPFT@c20020610 |
| 905 | @a安徽大学@dF224.5-61@eL795 | |
| 英汉-汉英对照项目管理词语精选/卢有杰,吴之明编.-北京:清华大学出版社,2001.04 |
| 333页;19cm |
| ISBN 7-302-04284-5(压膜):RMB 25.00 |
| ● |
| 相关链接 |
|
|
|
正题名:英汉-汉英对照项目管理词语精选
索取号:F224.5-61/L795
 
预约/预借
| 序号 | 登录号 | 条形码 | 馆藏地/架位号 | 状态 | 备注 |
| 1 | 359887 | 203598874 | 社科库409/409社科库 73排4列4层/ [索取号:F224.5-61/L795] | 在馆 | |
| 2 | 359888 | 203598883 | 社科二线422/422社科库 1排1列1层/ [索取号:F224.5-61/L795] | 在馆 |